000 00634nam a22001695i 4500
001 168155
003 ES-MaACL
005 20230906213715.0
008 011026m18461861gw |||| | fre d
040 _aCAM
_bspa
_cCAM
100 1 _aZenker, J. Th.
_9134033
245 1 0 _aBibliothèca orientalis
_b: manuel de bibliographie orientale /
_cpar J. Th. Zenker.
260 _aLeipzig :
_bchez Guillaume Engelmann,
_c1846-1861 (
_fdruck von Wilh. Vogel, Sohn)
300 _a2 v. (XLVII, 264; XIV, 615 p. ;
_c23 cm.
650 4 _aLiteratura oriental-
_vBibliografías.
_9136429
852 _aES-MaACL
_jB-4422
_z-- Enc. hol.
_z-- 2 t. en 1 v.
999 _c168155
_d168155